Statistics for North American Hunting Super Slam

Click here to take the quiz!

General Stats

  • This quiz has been taken 250 times
  • The average score is 11 of 33

Answer Stats

HintAnswer% Correct
DeerWhitetail Deer
95%
BearGrizzly Bear
89%
BearBlack Bear
87%
DeerMule Deer
76%
BearAlaska Brown Bear
75%
CaribouMountain Caribou
69%
BearPolar Bear
62%
CatsCougar
60%
SheepRocky Mountain Bighorn Sheep
53%
ElkRocky Mountain Elk
43%
AntelopePronghorn Antelope
42%
ElkRoosevelt Elk
41%
MooseAlaskan Yukon Moose
38%
GoatAmerican Mountain Goat
37%
SheepDall Sheep
31%
DeerSitka Blacktail Deer
26%
SheepDesert Bighorn Sheep
23%
BisonBison
20%
MooseShiras Moose
19%
DeerCoues Deer
17%
CaribouWoodland Caribou
17%
SheepStone Sheep
14%
ElkTule Elk
12%
MooseCanada Moose
9%
BisonMuskox
7%
SheepCalifornia Bighorn Sheep
6%
DeerColumbia Blacktail Deer
6%
CaribouQuebec Labrador Caribou
6%
CaribouBarren Ground Caribou
5%
AuxiliaryJaguar
5%
AuxiliaryAtlantic Walrus
4%
AuxiliaryPacific Walrus
2%
CaribouCentral Canadian Barren Ground Caribou
1%

Score Distribution

Percentile by Number Answered

Percent of People with Each Score

Your Score History

You have not taken this quiz